LIBRARY & INFORMATION CENTRE, KCAET, TAVANUR

ONLINE PUBLIC ACCESS CATALOGUE (OPAC)

Normal view MARC view
  • David, Frisbie

Entry Personal Name

Number of records used in: 1

001 - CONTROL NUMBER

  • control field: 5793

003 - CONTROL NUMBER IDENTIFIER

  • control field: OSt

005 - DATE AND TIME OF LATEST TRANSACTION

  • control field: 20240203124550.0

008 - FIXED-LENGTH DATA ELEMENTS

  • fixed length control field: 240203|| aca||aabn | a|a d

040 ## - CATALOGING SOURCE

  • Original cataloging agency: OSt
  • Transcribing agency: OSt

100 ## - HEADING--PERSONAL NAME

  • Personal name: David, Frisbie

670 ## - SOURCE DATA FOUND

  • Source citation: Work cat.: (OSt)12389: Robert L, Ebel . 5792, Essentials Educational measurement / , 2004.
free website counter